[Event "Belp op"]
[Site "Belp"]
[Date "2015.05.25"]
[Round "5"]
[White "Calderon, Federico"]
[Black "Berger, Guillaume"]
[Result "1/2-1/2"]
[WhiteElo "1587"]
[BlackElo "1676"]
[PlyCount "65"]
[EventDate "2015.05.23"]
[EventType "swiss"]
[EventRounds "5"]
[EventCountry "SUI"]
[SourceTitle "EXT 2016"]
[Source "ChessBase"]
[SourceDate "2015.10.08"]
[SourceVersion "1"]
[SourceVersionDate "2015.10.08"]
[SourceQuality "1"]

1. e4 c6 2. d4 d5 3. Nc3 dxe4 4. Nxe4 Bf5 5. Ng3 Bg6 6. Nf3 Nf6 7. Bc4 Nbd7 8. 0-0 e6 9. Bf4 Be7 10. c3 0-0 11. Bd3 Bxd3 12. Qxd3 Nd5 13. Be3 c5 14. Ne4 Nxe3 15. fxe3 cxd4 16. cxd4 Nc5 17. Qc2 Nxe4 18. Qxe4 Qd5 19. Qxd5 exd5 20. Rac1 Rac8 21. Ne5 f6 22. Nd3 Bd6 23. h3 Kf7 24. Kf2 Ke7 25. Ke2 b6 26. Kd2 Kd7 27. a3 Rxc1 28. Rxc1 f5 29. Rf1 g6 30. Rf3 Ke6 31. Nf4+ Bxf4 32. exf4 Rf7 33. Kd3 1/2-1/2